Make allowances (Record no. 82082)

MARC details
000 -LEADER
fixed length control field 01216cam a22002295a 4500
001 - CONTROL NUMBER
control field L149183
008 - FIXED-LENGTH DATA ELEMENTS--GENERAL INFORMATION
fixed length control field 100125e20091219xxk 000 0 eng d
035 ## - SYSTEM CONTROL NUMBER
System control number (Sirsi) u149183
041 0# - LANGUAGE CODE
Language code of text/sound track or separate title eng
100 1# - MAIN ENTRY--PERSONAL NAME
Personal name Driscoll, James
245 00 - TITLE STATEMENT
Title Make allowances
260 ## - PUBLICATION, DISTRIBUTION, ETC.
Place of publication, distribution, etc. Estates Gazette
-- (0950) 19 December 2009, 62-63(2)
520 ## - SUMMARY, ETC.
Summary, etc. "Culley v Daegan Properties Ltd" (L149181) concerning hope value and "Zuckerman and Ors v Trustees of Calthorpe Estate (L149182) dealing with deferment rates apply "Sportelli" principles. "Culley" upheld the principle of 10% marriage value as established by Sportelli. "Zuckerman" sanctioned a higher determent rate of 6% than the generic 5% set by Sportelli. Outlines reasons behind the decisions.
590 ## - LOCAL NOTE (RLIN)
Local note KA
650 24 - SUBJECT ADDED ENTRY--TOPICAL TERM
Topical term or geographic name entry element EARL CADOGAN V PITTS & ANOR AND EARL CADOGAN & ORS V SPORTELLI & ANOR AND TWO OTHER ACTIONS
650 24 - SUBJECT ADDED ENTRY--TOPICAL TERM
Topical term or geographic name entry element CULLEY V DAEJAN PROPERTIES LTD
650 24 - SUBJECT ADDED ENTRY--TOPICAL TERM
Topical term or geographic name entry element ZUCKERMAN V TRUSTEES OF CALTHORPE ESTATE
650 24 - SUBJECT ADDED ENTRY--TOPICAL TERM
Topical term or geographic name entry element LEASEHOLD REFORM, HOUSING AND URBAN DEVELOPMENT ACT 1993
651 #4 - SUBJECT ADDED ENTRY--GEOGRAPHIC NAME
Geographic name England and Wales
Chronological subdivision 1543-
690 ## - LOCAL SUBJECT ADDED ENTRY--TOPICAL TERM (OCLC, RLIN)
Topical term or geographic name as entry element RESIDENTIAL PROPERTY-RESIDENTIAL LANDLORD AND TENANT-RESIDENTIAL LEASES-RESIDENTIAL LEASEHOLD ENFRANCHISEMENT
942 ## - ADDED ENTRY ELEMENTS (KOHA)
Suppress in OPAC 0
Holdings
Withdrawn status Lost status Source of classification or shelving scheme Damaged status Not for loan Home library Current library Shelving location Date acquired Total Checkouts Full call number Barcode Date last seen Copy number Price effective from Koha item type
    Dewey Decimal Classification     London London Journal article 25/01/2010   L149183 149183-1001 06/08/2019 1 06/08/2019 Journal article